[Event "Olimpiade 2014 - Open"]
[Site "Tromsø"]
[Date "14.08.2014"]
[Round "11.48"]
[Board "3"]
[White "Pornariyasombat, Atippat"]
[Black "El Jawich, Amro"]
[Result "0-1"]
[BlackTitle "FM"]
[WhiteElo "2169"]
[BlackElo "2186"]
[WhiteTeam "Thailand"]
[BlackTeam "Lebanon"]
[WhiteFideId "6200516"]
[BlackFideId "5300380"]
[EventDate "2014.08.02"]

1. e4 c5 2. f4 e6 3. Nf3 Nc6 4. Nc3 a6 5. g3 d5 6. d3 Nf6 7. Bd2 d4 8. Ne2 Be7
9. Bg2 b5 10. O-O Bb7 11. h3 c4 12. a3 Qb6 13. Kh2 Nd7 14. Be1 cxd3 15. cxd3 a5
16. Bf2 Bc5 17. Nd2 e5 18. Nb3 Bd6 19. fxe5 Bxe5 20. Nf4 Ne7 21. Ne2 Nc6 22. Rc1
O-O 23. Nf4 Ne7 24. Qg4 Rad8 25. Be1 Nc6 26. Nd5 Qa6 27. Rf2 a4 28. Nc5 Nxc5 29.
Rxc5 Kh8 30. Qh5 f6 31. Nf4 Ne7 32. Bb4 Bxf4 33. gxf4 Bc6 34. f5 Be8 35. Qg4 Rf7
36. e5 fxe5 37. Rxe5 Ng8 38. Re6 Qc8 39. Rfe2 Bd7 40. Be4 Nf6 41. Rxf6 gxf6 42.
Qh5 Qc7+ 43. Kh1 Rg7 44. Qh6 Qe5 45. Rf2 Rdg8 46. Qf4 Qe8 47. Qh6 Bc6 48. Qf4
Qh5 49. Kh2 Bxe4 50. dxe4 Qd1 0-1

[Event "Olimpiade 2014 - Open"]
[Site "Tromsø"]
[Date "14.08.2014"]
[Round "11.48"]
[Board "4"]
[White "Chahrour, Ibrahim"]
[Black "Wiwatanadate, Poompong"]
[Result "1-0"]
[WhiteTitle "FM"]
[WhiteElo "2170"]
[BlackElo "2106"]
[WhiteTeam "Lebanon"]
[BlackTeam "Thailand"]
[WhiteFideId "5301653"]
[BlackFideId "6201083"]
[EventDate "2014.08.02"]

1. e4 e5 2. Nf3 Nc6 3. d4 exd4 4. Bc4 Nf6 5. O-O Nxe4 6. Re1 d5 7. Bxd5 Qxd5 8.
Nc3 Qh5 9. Nxe4 Be6 10. Bg5 Bd6 11. Nxd6+ cxd6 12. Bf4 O-O 13. Nxd4 Qxd1 14.
Raxd1 Nxd4 15. Rxd4 Rfc8 16. c3 Bxa2 17. Rxd6 Re8 18. Be3 Be6 19. Red1 h6 20.
R1d4 a6 21. Rb6 Re7 22. h4 h5 23. Kf1 Rc8 24. Ke1 Kh7 25. Rbd6 Rc4 26. Rxe6 1-0

[Event "Olimpiade 2014 - Open"]
[Site "Tromsø"]
[Date "14.08.2014"]
[Round "11.49"]
[Board "1"]
[White "Solomon, Kenny"]
[Black "Kigigha, Bomo"]
[Result "1/2-1/2"]
[WhiteTitle "IM"]
[BlackTitle "CM"]
[WhiteElo "2378"]
[BlackElo "2197"]
[WhiteTeam "South Africa"]
[BlackTeam "Nigeria"]
[WhiteFideId "14300192"]
[BlackFideId "8500037"]
[EventDate "2014.08.02"]

1. d4 d5 2. Nf3 c5 3. c4 e6 4. cxd5 exd5 5. Nc3 Nf6 6. g3 Be7 7. Bg2 O-O 8. O-O
Nc6 9. Bf4 c4 10. Ne5 Bb4 11. Rc1 Be6 12. Bg5 Qa5 13. Nxc6 bxc6 14. Bxf6 gxf6
15. Qd2 Rfb8 16. e4 Bf8 17. Rfe1 Rb7 18. Qe2 Rab8 19. exd5 cxd5 20. Qh5 Rxb2 21.
Be4 h6 22. Bxd5 Kh8 23. Qf3 Bxd5 24. Nxd5 Bg7 25. Ne3 Rxa2 26. Nxc4 Qg5 27. h4
Qg6 28. h5 Qg5 29. Nd6 Kg8 30. Ne4 Qa5 31. Nxf6+ Bxf6 32. Qxf6 Qxh5 33. Rc5 Qg6
34. Qxg6+ fxg6 35. Re6 Rb1+ 36. Kg2 Rb6 37. Re8+ Kf7 38. Re3 Rf6 39. Rc7+ Kg8
40. Re8+ Rf8 41. Rxf8+ Kxf8 42. Kf3 a5 43. Ra7 a4 44. g4 a3 45. Ke3 Ra1 46. Kf4
a2 47. f3 Ke8 48. d5 h5 49. d6 h4 50. Re7+ Kd8 51. Re2 Kd7 52. Rd2 h3 53. Kg5
Rg1 54. Rxa2 Rg2 55. Ra7+ Kxd6 56. Ra6+ Ke5 57. f4+ Ke4 58. Rxg6 Kf3 59. Kf5 Ra2
60. Rg8 Ra5+ 61. Kf6 Ra6+ 62. Kg5 Rh6 63. Ra8 h2 64. Ra3+ Ke4 65. Ra4+ Kd3 66.
Ra3+ Kd4 67. Ra4+ Kc5 68. Ra5+ Kc4 69. Ra4+ Kb5 70. Ra1 h1=Q 71. Rxh1 Rxh1 72.
Kf6 Rh6+ 73. Kf5 Kc6 74. g5 Rh1 75. Kf6 Kd7 76. f5 Rg1 77. g6 Ke8 78. Kg7 Rf1
79. f6 Rf2 80. f7+ Ke7 81. Kg8 Rf1 82. Kg7 Rf6 83. Kh7 1/2-1/2

[Event "Olimpiade 2014 - Open"]
[Site "Tromsø"]
[Date "14.08.2014"]
[Round "11.49"]
[Board "2"]
[White "Ajibowo, Olamide Patrick"]
[Black "Kobese, Watu"]
[Result "0-1"]
[WhiteTitle "FM"]
[BlackTitle "IM"]
[WhiteElo "2168"]
[BlackElo "2333"]
[WhiteTeam "Nigeria"]
[BlackTeam "South Africa"]
[WhiteFideId "8500444"]
[BlackFideId "14300141"]
[EventDate "2014.08.02"]

1. e4 e5 2. Nf3 Nc6 3. Bb5 a6 4. Ba4 Nf6 5. O-O Be7 6. Re1 b5 7. Bb3 d6 8. c3
O-O 9. h3 Na5 10. Bc2 c5 11. d4 Qc7 12. Nbd2 Bd7 13. Nf1 Nc4 14. Ng3 g6 15. b3
Nb6 16. Bh6 Rfc8 17. d5 c4 18. Re3 a5 19. Nd2 Kh8 20. Qf3 Ng8 21. Qxf7 Bf8 22.
Bg5 Bg7 23. Qf3 h6 24. Bh4 Rf8 25. Nf5 gxf5 26. exf5 Bf6 27. Re4 Bxf5 28. Qxf5
Bxh4 29. Qh5 Bg5 30. Re2 Nxd5 31. Ne4 Nf4 32. Qg4 Nf6 33. Nxf6 Nxe2+ 34. Qxe2
Rxf6 35. Rf1 Raf8 36. bxc4 bxc4 37. f3 d5 38. g3 Qc5+ 39. Kg2 Qe3 0-1

[Event "Olimpiade 2014 - Open"]
[Site "Tromsø"]
[Date "14.08.2014"]
[Round "11.49"]
[Board "3"]
[White "Van den Heever, Donovan"]
[Black "Balogun, Oluwafemi"]
[Result "1-0"]
[WhiteTitle "FM"]
[BlackTitle "CM"]
[WhiteElo "2289"]
[BlackElo "2187"]
[WhiteTeam "South Africa"]
[BlackTeam "Nigeria"]
[WhiteFideId "14300494"]
[BlackFideId "8501246"]
[EventDate "2014.08.02"]

1. e4 d6 2. d4 Nf6 3. Nc3 g6 4. Bg5 Bg7 5. a4 O-O 6. h3 c5 7. d5 h6 8. Be3 e6 9.
dxe6 Bxe6 10. Qd2 Qb6 11. Rb1 Qb4 12. Bd3 c4 13. Be2 Nc6 14. Nf3 Kh7 15. O-O
Rad8 16. Rfd1 Rfe8 17. Nd4 a6 18. f4 Bd7 19. Bf3 Na5 20. Nde2 Bc8 21. Kh1 Nc6
22. Ng3 Qa5 23. Qf2 Qb4 24. Nge2 Nd7 25. Nd5 Qa5 26. b3 cxb3 27. cxb3 b5 28.
axb5 axb5 29. b4 Qa2 30. Nc7 Re7 31. Nxb5 Bb7 32. Nxd6 Nf8 33. e5 Nxe5 34. fxe5
Bxf3 35. Qxf3 Bxe5 36. Ne4 Rxd1+ 37. Rxd1 Qb3 38. Ng1 Ne6 39. Bc5 Nxc5 40. bxc5
Qc4 41. Qd3 Qa4 42. Nf3 Bg7 43. Nd6 Qf4 44. Qd5 f5 45. c6 h5 46. Qd2 Qg3 47. Qg5 1-0

[Event "Olimpiade 2014 - Open"]
[Site "Tromsø"]
[Date "14.08.2014"]
[Round "11.49"]
[Board "4"]
[White "Akinseye, Abiola"]
[Black "Gluckman, David"]
[Result "1/2-1/2"]
[BlackTitle "IM"]
[WhiteElo "2156"]
[BlackElo "2236"]
[WhiteTeam "Nigeria"]
[BlackTeam "South Africa"]
[WhiteFideId "8503010"]
[BlackFideId "14300010"]
[EventDate "2014.08.02"]

1. e4 e6 2. d4 d5 3. Nd2 Nc6 4. Ngf3 Nf6 5. e5 Nd7 6. Nb3 a5 7. a4 Be7 8. h4 f6
9. Bf4 O-O 10. g3 b6 11. Bh3 f5 12. Ng5 Bxg5 13. hxg5 g6 14. Bf1 Ba6 15. Bxa6
Rxa6 16. Kd2 Rf7 17. Rh6 Nf8 18. Be3 Ra8 19. f4 Qd7 20. c3 Nd8 21. Qe2 Qe8 22.
Ke1 c6 23. Kf2 Qd7 24. Rhh1 Qb7 25. Rhb1 h6 26. gxh6 Rh7 27. Rh1 Nf7 28. g4 Nxh6
29. gxf5 exf5 30. Rag1 Ng4+ 31. Ke1 Ra7 32. Bc1 Qc8 33. Nd2 Ne6 34. Nf3 c5 35.
Qd3 Rxh1 36. Rxh1 c4 37. Qc2 Rh7 38. Rxh7 Kxh7 39. Qg2 Kg7 40. Ng1 Qd7 1/2-1/2

[Event "Olimpiade 2014 - Open"]
[Site "Tromsø"]
[Date "14.08.2014"]
[Round "11.50"]
[Board "3"]
[White "Knowles, Kendrick"]
[Black "Ortiz, Marcos"]
[Result "0-1"]
[WhiteElo "1688"]
[BlackElo "2214"]
[WhiteTeam "Bahamas"]
[BlackTeam "Nicaragua"]
[WhiteFideId "10400451"]
[BlackFideId "6100678"]
[EventDate "2014.08.02"]

1. d4 Nf6 2. c4 g6 3. Nc3 Bg7 4. e4 d6 5. Be2 O-O 6. Bg5 c5 7. d5 h6 8. Be3 b5
9. cxb5 a6 10. f3 e6 11. Qd2 exd5 12. Nxd5 Nxd5 13. Qxd5 Ra7 14. bxa6 Nxa6 15.
Qd2 Nb4 16. a3 Nc6 17. Bxh6 Qh4+ 18. g3 Qxh6 19. Qxd6 Bxb2 20. Rb1 Bc3+ 21. Kf2
Bd4+ 22. Kg2 Qe3 23. Rf1 Rxa3 24. Qxc6 Ra1 25. Bc4 Ra2+ 0-1

[Event "Olimpiade 2014 - Open"]
[Site "Tromsø"]
[Date "14.08.2014"]
[Round "11.50"]
[Board "4"]
[White "Madrigal, Mariano"]
[Black "Moncur, Cecil"]
[Result "1/2-1/2"]
[WhiteTitle "IM"]
[WhiteElo "2156"]
[BlackElo "1689"]
[WhiteTeam "Nicaragua"]
[BlackTeam "Bahamas"]
[WhiteFideId "6100961"]
[BlackFideId "10400583"]
[EventDate "2014.08.02"]

1. e4 g6 2. d4 Bg7 3. Nc3 c6 4. Bc4 d5 5. exd5 b5 6. Be2 b4 7. Na4 cxd5 8. Nf3
Nf6 9. O-O O-O 10. Bd2 a5 11. a3 bxa3 12. Rxa3 Ne4 13. Bf4 Ba6 14. h3 e6 15.
Bxa6 Nxa6 16. Qe2 Nd6 17. Bxd6 Qxd6 18. Rfa1 Nb4 19. c3 Nc6 20. Qe3 Rab8 21.
R3a2 Rb5 22. Ne1 Rfb8 23. Nd3 Qc7 24. Nac5 Qc8 25. Re1 Bf8 26. Na4 Bd6 27. h4
Qd8 28. g3 h5 29. Qe2 Qf6 30. Nac5 Qe7 31. Na4 Qf6 32. Raa1 Kg7 33. Qe3 Qf5 34.
Ra2 Kh7 35. Kg2 Kg7 36. Qe2 Qf6 37. Nac5 Qe7 38. f4 Bxc5 39. Nxc5 Kh7 40. Kh1
Kg7 41. Kg1 Kh7 1/2-1/2

[Event "Olimpiade 2014 - Open"]
[Site "Tromsø"]
[Date "14.08.2014"]
[Round "11.51"]
[Board "1"]
[White "Emojong, Elijah"]
[Black "Ali, Sebbar"]
[Result "1-0"]
[WhiteTitle "IM"]
[BlackTitle "IM"]
[WhiteElo "2334"]
[BlackElo "2387"]
[WhiteTeam "Uganda"]
[BlackTeam "Morocco"]
[WhiteFideId "10000402"]
[BlackFideId "8100977"]
[EventDate "2014.08.02"]

1. d4 Nf6 2. c4 g6 3. Nc3 Bg7 4. e4 d6 5. Nf3 O-O 6. Be2 e5 7. O-O Nc6 8. d5 Ne7
9. Ne1 Nd7 10. f3 f5 11. Be3 f4 12. Bf2 g5 13. g4 fxg3 14. hxg3 Ng6 15. Ng2 a5
16. Ne3 Nc5 17. Nf5 b6 18. Qd2 Qf6 19. Nxg7 Kxg7 20. Kg2 Bd7 21. Rh1 Rh8 22. Be3
h6 23. Rag1 Rag8 24. Kf2 Kf8 25. Ke1 Ne7 26. Rf1 Ke8 27. f4 gxf4 28. gxf4 Ng6
29. fxe5 Qxe5 30. Bd4 Qg3+ 31. Kd1 Qg5 32. Bxh8 Nxh8 33. Rxh6 Qe5 34. Qf4 Qxf4
35. Rxf4 Kd8 36. Rf2 Be8 37. b3 Nf7 38. Rh4 Ne5 39. Kc2 Rg3 40. Rfh2 Bg6 41.
Rh8+ Ke7 42. Kb2 Kd7 43. Bh5 Bxh5 44. R8xh5 Ke7 45. Rh7+ Kf6 46. Rxc7 Ng4 47.
Re2 a4 48. e5+ Kg6 49. exd6 Nf6 50. Nxa4 Nd3+ 51. Ka3 b5 52. cxb5 Nxd5 53. Rc6
Kf5 54. d7 Rg8 55. Rd6 Nc7 56. Rxd3 1-0

[Event "Olimpiade 2014 - Open"]
[Site "Tromsø"]
[Date "14.08.2014"]
[Round "11.51"]
[Board "2"]
[White "Tissir, Mohamed"]
[Black "Kawuma, Patrick"]
[Result "1-0"]
[WhiteTitle "IM"]
[BlackTitle "CM"]
[WhiteElo "2366"]
[BlackElo "2261"]
[WhiteTeam "Morocco"]
[BlackTeam "Uganda"]
[WhiteFideId "9000240"]
[BlackFideId "10000127"]
[EventDate "2014.08.02"]

1. d4 Nf6 2. c4 g6 3. Nc3 d5 4. Nf3 Bg7 5. Bg5 Ne4 6. Bf4 Nxc3 7. bxc3 dxc4 8.
e3 Be6 9. Qb1 Qc8 10. Ng5 Bd5 11. e4 h6 12. exd5 hxg5 13. Bxg5 O-O 14. Bxc4 c5
15. O-O cxd4 16. Qb3 Qc7 17. Rfe1 Rc8 18. Bf1 Na6 19. Rxe7 Qxc3 20. Qd1 Nc5 21.
Rc1 Qa3 22. d6 d3 23. Bxd3 Bf8 24. Bxg6 Bxe7 25. Qh5 fxg6 26. Qxg6+ Kh8 27. dxe7
Nd7 28. Qh6+ Kg8 29. Qe6+ Kg7 30. Rd1 Qc5 31. e8=N+ 1-0

[Event "Olimpiade 2014 - Open"]
[Site "Tromsø"]
[Date "14.08.2014"]
[Round "11.51"]
[Board "3"]
[White "Ssegwanyi, Arthur"]
[Black "Onkoud, Abdelaziz"]
[Result "1-0"]
[BlackTitle "IM"]
[WhiteElo "2299"]
[BlackElo "2383"]
[WhiteTeam "Uganda"]
[BlackTeam "Morocco"]
[WhiteFideId "10000100"]
[BlackFideId "9000283"]
[EventDate "2014.08.02"]

1. e4 d5 2. exd5 Qxd5 3. Nc3 Qd6 4. d4 Nf6 5. Nf3 a6 6. g3 b5 7. Bg2 Bb7 8. O-O
Nbd7 9. Bf4 Qb6 10. Re1 b4 11. Na4 Qa5 12. c4 e6 13. d5 O-O-O 14. Ng5 Nc5 15.
Nxc5 Bxc5 16. Nxf7 exd5 17. Nxh8 Rxh8 18. cxd5 Rd8 19. d6 Bxg2 20. Kxg2 Bxd6 21.
Bxd6 Rxd6 22. Qf3 Nd5 23. a3 bxa3 24. bxa3 Rf6 25. Qg4+ Kb7 26. Rab1+ Ka7 27.
Qd4+ Nb6 28. Re7 Rc6 29. Rxg7 Rc4 30. Qxb6+ Qxb6 31. Rxb6 Kxb6 32. Rxh7 Rd4 33.
h4 c5 34. Re7 c4 35. Re3 Kc5 36. h5 Rd5 37. g4 Kd4 38. h6 c3 39. h7 Rd8 40. Rxc3
Kxc3 41. g5 Kb3 42. g6 Rd6 43. h8=Q Rxg6+ 44. Kf3 Rc6 45. Qf8 a5 46. Ke4 Rc4+
47. Kd5 Ra4 48. f4 Rxa3 49. f5 Ra1 50. Qb8+ Kc2 51. Qh2+ Kb3 52. Qg3+ Kc2 53.
Qf2+ Kb3 54. Qe3+ Kc2 55. Qe2+ Kb3 56. f6 1-0

[Event "Olimpiade 2014 - Open"]
[Site "Tromsø"]
[Date "14.08.2014"]
[Round "11.51"]
[Board "4"]
[White "Choukri, Adel"]
[Black "Wanyama, Harold"]
[Result "1/2-1/2"]
[BlackTitle "FM"]
[WhiteElo "2177"]
[BlackElo "2244"]
[WhiteTeam "Morocco"]
[BlackTeam "Uganda"]
[WhiteFideId "9000399"]
[BlackFideId "10000380"]
[EventDate "2014.08.02"]

1. d4 Nf6 2. c4 e6 3. Nc3 Bb4 4. Qc2 c5 5. e3 Nc6 6. Nf3 cxd4 7. exd4 O-O 8. Bf4
Nxd4 9. Nxd4 e5 10. Bxe5 Re8 11. f4 d6 12. O-O-O dxe5 13. fxe5 Ng4 14. e6 Qg5+
15. Kb1 Bxe6 16. Nxe6 fxe6 17. Ne4 Qf5 18. Rc1 Red8 19. Bd3 Rd4 20. Rhf1 Qe5 21.
Qe2 Nxh2 22. Rh1 Rad8 23. Rcd1 h5 24. a3 Be7 25. Nc3 Ng4 26. Qxe5 Nxe5 27. Bh7+
Kxh7 28. Rxd4 Rxd4 29. Rxh5+ Kg6 30. Rxe5 Kf6 31. Ra5 a6 32. c5 Rc4 33. Ra4 Rxa4
34. Nxa4 Ke5 35. Kc2 Kf4 36. Kd3 Kg3 37. Ke4 Bf6 38. b4 Kxg2 39. c6 bxc6 40. Nc5
Bb2 41. a4 g5 42. Nxa6 Bc3 43. b5 cxb5 44. axb5 Ba5 45. Nc5 g4 46. Nxe6 Kf2 47.
Nf4 Bc7 48. Nh5 Ke2 49. b6 1/2-1/2

[Event "Olimpiade 2014 - Open"]
[Site "Tromsø"]
[Date "14.08.2014"]
[Round "11.52"]
[Board "1"]
[White "Warner, Delisle"]
[Black "Samhouri, Bilal"]
[Result "0-1"]
[WhiteTitle "IM"]
[BlackTitle "FM"]
[WhiteElo "2243"]
[BlackElo "2256"]
[WhiteTeam "Barbados"]
[BlackTeam "Jordan"]
[WhiteFideId "11100109"]
[BlackFideId "8100942"]
[EventDate "2014.08.02"]

1. d4 Nf6 2. c4 c5 3. d5 b5 4. cxb5 a6 5. bxa6 g6 6. g3 Bxa6 7. Bg2 d6 8. Nf3
Bg7 9. Nc3 O-O 10. Rb1 Nbd7 11. O-O Qa5 12. Bd2 Bb7 13. Ne1 Nb6 14. Nc2 Qa7 15.
Be1 Rad8 16. b4 c4 17. Ne3 Qa3 18. Bd2 Ne8 19. Qc1 Ra8 20. Ned1 Nc7 21. e4 e6
22. Be3 Nd7 23. Qc2 exd5 24. exd5 Ne5 25. Bb6 Ne8 26. Ba5 Bc8 27. f4 Ng4 28. Nb5
Qd3 29. Qxd3 cxd3 30. h3 Ngf6 31. Nf2 Ba6 32. a4 Rb8 33. Rfd1 Bxb5 34. axb5 Rxb5
35. Rxd3 Nd7 36. Rc1 f5 37. Rc6 g5 38. Bf1 gxf4 39. gxf4 Kh8 40. Rd1 Rb8 41. Ba6
Bh6 42. Nd3 Ndf6 43. Bc4 Rg8+ 44. Kh2 Ne4 45. Rg1 N8f6 46. Bc7 Nd2 47. Rg5 Bxg5
48. Bxb8 Bxf4+ 49. Kh1 Be3 50. Ne1 Nfe4 51. Ng2 Ng3+ 52. Kh2 Nf3# 0-1

[Event "Olimpiade 2014 - Open"]
[Site "Tromsø"]
[Date "14.08.2014"]
[Round "11.52"]
[Board "2"]
[White "Mansour, Sameer"]
[Black "Husbands, Orlando"]
[Result "1-0"]
[WhiteTitle "FM"]
[BlackTitle "FM"]
[WhiteElo "2249"]
[BlackElo "2118"]
[WhiteTeam "Jordan"]
[BlackTeam "Barbados"]
[WhiteFideId "8100144"]
[BlackFideId "11101644"]
[EventDate "2014.08.02"]

1. c4 e5 2. g3 Nc6 3. Bg2 f5 4. e3 Nf6 5. Ne2 e4 6. d3 Bb4+ 7. Nbc3 exd3 8. Qxd3
d6 9. b3 Ne5 10. Qc2 O-O 11. O-O Qe8 12. Nf4 Bxc3 13. Qxc3 Ne4 14. Qd4 Bd7 15.
Bb2 Kh8 16. Nd5 c5 17. Qd1 Qf7 18. f3 Nf6 19. f4 Neg4 20. Nxf6 gxf6 21. Qxd6
Nxe3 22. Bxb7 Rad8 23. Bd5 Nxd5 24. Qxd5 Be6 25. Qxc5 Rd2 26. Rf2 Rfd8 27. Re1
Kg7 28. Qe3 Rxf2 29. Kxf2 Bc8 30. Re2 Rd7 31. Qe8 Bb7 32. Qxf7+ Kxf7 33. Ke3 h5
34. Rd2 Re7+ 35. Kf2 Ke6 36. Ba3 Rd7 37. Rxd7 Kxd7 38. Bc5 a6 39. Ke3 Be4 40. b4
Bc6 41. Kd4 Ba4 42. Bf8 Kc6 43. Be7 Bd1 44. Bxf6 Bc2 45. Be7 Bd1 46. a3 Bc2 47.
Bf8 Bd1 48. Ke5 Bg4 49. a4 Bh3 50. b5+ axb5 51. axb5+ Kb6 52. Be7 Bf1 53. Kd5
Kb7 54. Kc5 Be2 55. Kb4 Bf1 56. c5 Be2 57. c6+ Kb6 58. Bd8+ Ka7 59. b6+ Kb8 60.
Bc7+ Kc8 1-0

[Event "Olimpiade 2014 - Open"]
[Site "Tromsø"]
[Date "14.08.2014"]
[Round "11.52"]
[Board "3"]
[White "Denny, Kevin"]
[Black "Mohannad, Farhan"]
[Result "0-1"]
[WhiteTitle "IM"]
[BlackTitle "FM"]
[WhiteElo "2261"]
[BlackElo "2321"]
[WhiteTeam "Barbados"]
[BlackTeam "Jordan"]
[WhiteFideId "11100028"]
[BlackFideId "8100918"]
[EventDate "2014.08.02"]

1. e4 e6 2. d4 d5 3. Nd2 c5 4. Ngf3 Nc6 5. exd5 exd5 6. Bb5 Bd6 7. dxc5 Bxc5 8.
O-O Ne7 9. Nb3 Bd6 10. Re1 O-O 11. Bd3 Ng6 12. Bg5 Qc7 13. Bxg6 hxg6 14. Qxd5
Bg4 15. Rad1 Bf4 16. Bxf4 Qxf4 17. Qe4 Qxe4 18. Rxe4 Rad8 19. Rde1 Bxf3 20. gxf3
Rd5 21. f4 Kh7 22. Kg2 Rfd8 23. R1e3 a5 24. Rc4 Rf5 25. a4 Rdd5 26. Rh3+ Kg8 27.
Re4 f6 28. Rc3 Kf7 29. Rec4 g5 30. fxg5 Rxg5+ 31. Rg3 Rgf5 32. c3 g5 33. Nd4 Rf4
34. b3 Nxd4 35. Rc7+ Kg6 36. cxd4 Rdf5 37. Rxb7 Rxf2+ 38. Kh3 Rd2 39. Rb6 Rff2
40. Rg1 Rd3+ 41. Rg3 Rxd4 42. Re3 Rh4+ 43. Kg3 Rhxh2 44. Re8 Rhg2+ 45. Kh3 g4+
46. Kh4 Rf1 47. Rg8+ Kf7 48. Rb7+ Kxg8 49. Kh5 Rd2 50. Kg6 Rd8 0-1

[Event "Olimpiade 2014 - Open"]
[Site "Tromsø"]
[Date "14.08.2014"]
[Round "11.52"]
[Board "4"]
[White "Khader, Sami"]
[Black "Poon, Yu Tien"]
[Result "1-0"]
[WhiteTitle "IM"]
[BlackTitle "FM"]
[WhiteElo "2352"]
[BlackElo "2070"]
[WhiteTeam "Jordan"]
[BlackTeam "Barbados"]
[WhiteFideId "8100500"]
[BlackFideId "11101393"]
[EventDate "2014.08.02"]

1. e4 c5 2. c3 d5 3. exd5 Qxd5 4. d4 Nf6 5. Nf3 e6 6. Be3 cxd4 7. cxd4 Nc6 8.
Nc3 Qd6 9. Bd3 Be7 10. a3 O-O 11. Qc2 Rd8 12. O-O b6 13. Ne4 Nxe4 14. Bxe4 Bb7
15. Bxh7+ Kf8 16. Rad1 Rac8 17. Qb1 Bf6 18. Be4 Ba6 19. Rfe1 Ne7 20. Bd2 Nd5 21.
Bxd5 Qxd5 22. Qh7 Bb7 23. Bb4+ Rd6 24. Rc1 Rc6 25. Qh8+ Ke7 26. Qb8 Bc8 27. Rxc6
Qxc6 28. Ne5 1-0

[Event "Olimpiade 2014 - Open"]
[Site "Tromsø"]
[Date "14.08.2014"]
[Round "11.53"]
[Board "1"]
[White "Juarez Flores, Carlos A."]
[Black "Haddouche, Mohamed"]
[Result "1-0"]
[WhiteTitle "IM"]
[BlackTitle "GM"]
[WhiteElo "2425"]
[BlackElo "2508"]
[WhiteTeam "Guatemala"]
[BlackTeam "Algeria"]
[WhiteFideId "7300018"]
[BlackFideId "7900660"]
[EventDate "2014.08.02"]

1. e4 d6 2. d4 Nf6 3. Nc3 e5 4. Nf3 Nbd7 5. a4 a5 6. Bc4 Be7 7. Ng5 O-O 8. Bxf7+
Rxf7 9. Ne6 Qe8 10. Nxc7 Qd8 11. Nxa8 b6 12. dxe5 Nxe5 13. Be3 Bg4 14. f3 Qxa8
15. fxg4 Nfxg4 16. Qd5 Qa6 17. Bf4 Bh4+ 18. Kd2 Nc4+ 19. Kc1 Bf6 20. Nd1 Qc8 21.
Rf1 Nge5 22. Kb1 Kh8 23. Bxe5 Nxe5 24. Ra3 Rc7 25. Ne3 Rc6 26. Rb3 Nd7 27. Qf5
Nc5 28. Qxc8+ Rxc8 29. Rxb6 Nxe4 30. Rf5 Be5 31. Ng4 Bd4 32. Rbb5 h6 33. c3 Bg1
34. h4 Re8 35. h5 Kh7 36. Rb7 Nc5 37. Nf6+ Kh8 38. Nxe8 Nxb7 39. Rf8+ Kh7 40.
Rf7 Nc5 41. Nf6+ 1-0

[Event "Olimpiade 2014 - Open"]
[Site "Tromsø"]
[Date "14.08.2014"]
[Round "11.53"]
[Board "2"]
[White "Bengherabi, Khalil"]
[Black "Cu Hor, Winston Darwin"]
[Result "0-1"]
[WhiteTitle "FM"]
[BlackTitle "FM"]
[WhiteElo "2170"]
[BlackElo "2259"]
[WhiteTeam "Algeria"]
[BlackTeam "Guatemala"]
[WhiteFideId "7900325"]
[BlackFideId "7300662"]
[EventDate "2014.08.02"]

1. e4 c5 2. Nf3 d6 3. d4 cxd4 4. Nxd4 Nf6 5. Bb5+ Bd7 6. Bxd7+ Nbxd7 7. Nc3 e6
8. O-O Be7 9. Qe2 O-O 10. Rd1 a6 11. Be3 Rc8 12. f4 Rxc3 13. bxc3 Nxe4 14. Qf3
Nxc3 15. Qxb7 Nc5 16. Qa7 Nxd1 17. Nc6 Nxe3 18. Nxd8 Bxd8 19. Rb1 Nd5 20. Rb8
Nxf4 21. Rxd8 Rxd8 22. Qc7 Rf8 23. Qxd6 Ne2+ 24. Kf1 Ne4 25. Qxa6 N2c3 26. Qd3
Rb8 27. g3 g5 28. g4 Rb1+ 29. Kg2 Rd1 30. Qa6 Rd2+ 31. Kf3 Rf2+ 32. Ke3 Rxc2 33.
a4 e5 34. Qa8+ Kg7 35. a5 Nc5 36. a6 Nd1+ 37. Kf3 e4+ 38. Kg3 Ne3 0-1

[Event "Olimpiade 2014 - Open"]
[Site "Tromsø"]
[Date "14.08.2014"]
[Round "11.53"]
[Board "3"]
[White "Garcia Fuentes, Sergio Miguel"]
[Black "Belouadah, Saad"]
[Result "1-0"]
[BlackTitle "IM"]
[WhiteElo "2166"]
[BlackElo "2320"]
[WhiteTeam "Guatemala"]
[BlackTeam "Algeria"]
[WhiteFideId "7300549"]
[BlackFideId "7900856"]
[EventDate "2014.08.02"]

1. Nf3 d6 2. d4 Nd7 3. g3 g6 4. Bg2 Bg7 5. e4 e5 6. Nc3 Ngf6 7. O-O O-O 8. h3 c6
9. a4 Re8 10. Re1 Qb6 11. Be3 Qxb2 12. Qd2 Qb4 13. a5 Qc4 14. Ng5 exd4 15. Bxd4
Bh6 16. h4 Ne5 17. f4 Bg4 18. Ra4 Qa6 19. fxe5 dxe5 20. Be3 Red8 21. Qf2 c5 22.
Bf1 Qc6 23. Bc4 Rd4 24. Bxd4 cxd4 25. Nd5 Qxa4 26. Qxf6 Bxg5 27. Ne7+ 1-0

[Event "Olimpiade 2014 - Open"]
[Site "Tromsø"]
[Date "14.08.2014"]
[Round "11.53"]
[Board "4"]
[White "Seddaoui, Yamine"]
[Black "Giron, David"]
[Result "1/2-1/2"]
[WhiteElo "2105"]
[BlackElo "2103"]
[WhiteTeam "Algeria"]
[BlackTeam "Guatemala"]
[WhiteFideId "7902026"]
[BlackFideId "7300697"]
[EventDate "2014.08.02"]

1. e4 c5 2. Nf3 d6 3. d4 cxd4 4. Nxd4 Nf6 5. Nc3 a6 6. Bg5 e6 7. f4 h6 8. Bh4
Qb6 9. Qd2 Qxb2 10. Rb1 Qa3 11. Rb3 Qa5 12. Be2 Nbd7 13. O-O Nc5 14. Rbb1 Na4
15. Rb3 Nxc3 16. Rxc3 Qb6 17. Rb3 Qc5 18. Re3 Bd7 19. Kh1 Rc8 20. c4 Bc6 21. Nb3
Qb6 22. Qd3 Nd7 23. Bg4 g5 24. Bg3 h5 25. Bd1 h4 26. Bf2 gxf4 27. Rf3 Qc7 28.
Rxf4 Ne5 29. Qh3 Ng6 30. Rg4 Bd7 31. Qf3 Ne5 32. Qc3 h3 33. c5 Qc6 34. Bc2 Qb5
35. Kg1 Qe2 36. Rg3 hxg2 37. Kxg2 Qh5 38. h3 Bc6 39. Nd4 Bd7 40. Nb3 Ng6 41. Bd1
Qh7 42. Bg4 1/2-1/2

[Event "Olimpiade 2014 - Open"]
[Site "Tromsø"]
[Date "14.08.2014"]
[Round "11.54"]
[Board "1"]
[White "Shobaita, Ahmed"]
[Black "Davy, Damion"]
[Result "1-0"]
[WhiteTitle "CM"]
[BlackTitle "CM"]
[WhiteElo "2067"]
[BlackElo "2164"]
[WhiteTeam "Palestine"]
[BlackTeam "Jamaica"]
[WhiteFideId "11500336"]
[BlackFideId "7400519"]
[EventDate "2014.08.02"]

1. Nf3 Nf6 2. b3 c5 3. Bb2 Nc6 4. e3 e6 5. c4 d5 6. cxd5 exd5 7. Bb5 Be7 8. O-O
O-O 9. d4 cxd4 10. Nxd4 Nxd4 11. Bxd4 Be6 12. Nd2 a6 13. Bd3 Rc8 14. Rc1 Qa5 15.
a4 Bg4 16. f3 Be6 17. Qe2 Bb4 18. Nb1 Nd7 19. Qb2 f6 20. Rxc8 Rxc8 21. Rc1 Rxc1+
22. Qxc1 Ne5 23. Be2 Nc6 24. Bb2 Qb6 25. Kh1 Bd6 26. Bd1 d4 27. exd4 Bxb3 28.
Bxb3+ Qxb3 29. Nd2 Qxa4 30. Ne4 Bf4 31. Qe1 Nxd4 32. Nc5 Qc6 33. Bxd4 Be5 34.
Bxe5 Qxc5 35. Bc3 Kf7 36. g4 h5 37. Bb4 Qd5 38. Qe7+ Kg8 39. Qe8+ Kh7 40. Qxh5+
Qxh5 41. gxh5 Kh6 42. Bf8 a5 43. Kg2 b5 44. Kf2 b4 45. Ke3 b3 46. Kd3 a4 47. Kc3
f5 48. Kb2 Kh7 49. Bd6 Kh6 50. Be5 Kxh5 51. Bxg7 Kh4 52. Be5 Kh3 53. Ka3 Kh4 54.
Kxa4 1-0